| Tag |
First Indicator |
Second Indicator |
Subfields |
| LEADER |
00000cam a2200000 a 4500 |
| 001 |
in00000018460 |
| 005 |
20151007053240.0 |
| 008 |
870910s1988 ncua b s00100 eng |
| 010 |
|
|
|a 87027893
|
| 020 |
|
|
|a 0807817821
|
| 035 |
|
|
|a (OCoLC)16832821
|
| 035 |
|
|
|9 AAB0955AM
|
| 040 |
|
|
|a DLC
|c DLC
|d TXA
|d UtOrBLW
|
| 043 |
|
|
|a e------
|
| 049 |
|
|
|a TXAM
|c [A11465731]
|
| 050 |
0 |
0 |
|a HQ18.G7
|b S47 1988
|
| 082 |
0 |
|
|a 306.7/094
|2 19
|
| 245 |
0 |
0 |
|a Sexual underworlds of the Enlightenment /
|c edited by G.S. Rousseau and Roy Porter.
|
| 264 |
|
1 |
|a Chapel Hill :
|b University of North Carolina Press,
|c 1988.
|
| 300 |
|
|
|a x, 280 pages :
|b illustrations ;
|c 23 cm.
|
| 336 |
|
|
|a text
|b txt
|2 rdacontent
|
| 337 |
|
|
|a unmediated
|b n
|2 rdamedia
|
| 338 |
|
|
|a volume
|b nc
|2 rdacarrier
|
| 504 |
|
|
|a Includes bibliographies and index.
|
| 505 |
0 |
|
|a From lascivious erudition to the history of mentalities / Théodore Tarczylo -- The discourse on sex, or sex as discourse / Peter Wagner -- Modern prostitution and gender in Fanny Hill / Randolph Trumbach -- Imagination, pregnant women, and monsters in eighteenth-century England and France / Paul-Gabriel Boucé -- The sorrows of Priapus / G.S. Rousseau -- The culture of travesty / Terry Castle -- Vulnerability and the age of female consent / Antony E. Simpson -- A touch of danger / Roy Porter -- Passing women / Lynne Friedli -- Sex and shamanism in the eighteenth century / Gloria Flaherty.
|
| 650 |
|
0 |
|a Sex customs
|z Europe
|x History
|y 18th century.
|
| 650 |
|
0 |
|a Prostitution
|z Europe
|x History
|y 18th century.
|
| 650 |
|
0 |
|a Pornography
|z Europe
|x History
|y 18th century.
|
| 700 |
1 |
|
|a Rousseau, G. S.
|q (George Sebastian)
|
| 700 |
1 |
|
|a Porter, Roy,
|d 1946-2002.
|
| 999 |
|
|
|a MARS
|
| 999 |
f |
f |
|s 86533d98-efc2-3ad5-8df5-a54fa0fc538a
|i d259b98f-8d6d-3190-a33b-51f83004c537
|t 0
|
| 952 |
f |
f |
|p ric
|a Texas A&M University
|b Rellis Campus
|c Joint Library Facility
|d Remote Storage
|t 0
|e HQ18.G7 S47 1988
|h Library of Congress classification
|i unmediated -- volume
|m A14811465731
|
| 998 |
f |
f |
|a HQ18.G7 S47 1988
|t 0
|l Remote Storage
|